| 000 | 00635nam a2200205 a 4500 | ||
|---|---|---|---|
| 001 | 000011671 | ||
| 005 | 20240412074227.0 | ||
| 008 | 091023s2000 fr 000 j spa d | ||
| 020 | _a2914378025 | ||
| 040 |
_aDO-SdBNP _bspa _cBNPHU |
||
| 082 |
_aRD863.44 _bC951t |
||
| 100 | 1 |
_aCross Frías, Elvira Angélica, _d1941- _927665 |
|
| 245 | 1 | 0 |
_aEn torno a la mesa / _cElvira Angélica Cross Frías. |
| 260 |
_aParís : _bIndigo, _c2000. |
||
| 300 |
_a173 p. ; _c21 cm. |
||
| 590 | _aInventariado, 2019/BT | ||
| 650 | 0 |
_aCuentos dominicanos _9176 |
|
| 650 | 0 |
_aLiteratura dominicana. _967 |
|
| 910 | _aValidado. Control de calidad MMOLINA | ||
| 999 |
_c11358 _d11358 |
||